1410 1168 1186 1340 1210 1492 1300 1734 1388 1031 1604 1093 1749 1690 1256 1020 1253 1195 1742 1559 1138 1629 1677 1584 1789 1832 1058 1459 1850 1695 1573 1772 1903 1264 1502 1597 1874 1079 1590 1616 1279 1771 1371 1146 1379 1327 1555 1777 1065 1102 1864 1208 1927 1288 1952 1894 1350 1569 1895 1942 1556 1225 1367 1569 1041 1000 1371 1643 1497 1814 1835 1680 1371 1906 1965 1539 1115 1632 1766 1915 1873 1713 1124 1542 1287 1070 1062 1305 1000 1700 1058 1485 1003 1656 1318 1577 1486 1434 1645 BCNSPRNW ULIB Ver.6.0+V

เปลี่ยนเป็นภาษาไทย

Change to English
 แสดงรายละเอียดบรรณานุกรม
  กลับหน้าหลัก

Brief Record : Get Marc (ISO 2709) : E-mail record : QR code < ปิดหน้าต่าง
LEADER : 00000nam 2200000uu 4500
001    13399112738
003     ULIB
008    110907s2551||||th 000 0 tha d
050  4 LB1027^bม161ช 2551
100 0  มลสิช สิทธิสมบูรณ์
245 10 ชุดฝึกอบรมการทำผลงานวิชาการ การประเมินโครงการ /^cมลสิช สิทธิสมบูรณ์
260    พิษณุโลก :^bคณะศึกษาศาสตร์ มหาวิทยาลัยนเรศวร,^c2551
300    89 หน้า
650  7 การทำผลงานวิชาการ
650  7 การประเมินโครงการ
945    ^p143^l0^i026953
945    ^p143^l0^i026954
995    ทศพร
999 ^a ทศพร
รายการนี้ยังไม่มีแท็ก
คุณยังไม่ได้ล็อกอิน คุณสามารถมีกิจกรรมร่วมกับเว็บไซต์ได้ แต่ต้องล็อกอินก่อน ::
  ล็อกอิน

รายการสื่อสารสนเทศ

ลำดับที่ ประเภท เลขเรียก/บาร์โค้ด สถานที่ สถานะ
- ไม่พบข้อมูล -

รายการใกล้เคียง
    ผู้แต่ง [มลสิช สิทธิสมบูรณ์]

    หัวเรื่อง [การทำผลงานวิชาการ]
    หัวเรื่อง [การประเมินโครงการ]

BibComment


ยังไม่เคยถูกคอมเมนท์

คอมเมนท์ทรัพยากรรายการนี้
  คอมเมนท์: ชุดฝึกอบรมการทำผล..


 Copyright 2026. Bcnsprnw @Library